000 00272nam a22001337a 4500
008 180226b xxu||||| |||| 00| 0 eng d
020 _a9780697282880
041 _aeng
080 _a91
100 _a42
101 _aGEO
245 _aGEOLOGY
_cHILL.M
942 _2udc
_cBK
999 _c43386
_d43386